| 000 | 00391nam a2200109Ia 4500 | ||
|---|---|---|---|
| 008 | 240129s9999 xx 000 0 und d | ||
| 100 | _aKHANDELWAL, SARIKA | ||
| 245 | 0 | _aUTILIZING MULTIMODEL ARTIFICIAL TEMPLATE AND CRYPTOGRAPHIC SALTS TO SECURE VEIN BIOMETRIC BASED AUTHENTICATION | |
| 260 |
_bMEWAR UNIVERSITY, CHITTORGARH _c2021 |
||
| 650 | _aComputer Science & Engineering | ||
| 942 | _cTHE | ||
| 999 |
_c218929 _d218929 |
||